[Event "2024 National Middle School Championship"]
[Site "Atlanta, Georgia, United States"]
[Date "2024.05.12"]
[Round "6.15"]
[White "Karabulut, Onur"]
[Black "Prabhu, Tanya Gurpur Madke"]
[Result "1/2-1/2"]
[TimeControl "G/90;d10"]
[WhiteElo "1661"]
[BlackElo "1656"]

1. e4 {[%clk 01:30:00]} {[%emt 00:04:42]} e6 {[%clk 01:30:00]} {[%emt
00:00:09]} 2. d4 {[%clk 01:29:48]} {[%emt 00:00:22]} d5 {[%clk 01:30:00]}
{[%emt 00:00:05]} 3. exd5 {[%clk 01:29:48]} {[%emt 00:00:07]} exd5 {[%clk
01:30:00]} {[%emt 00:00:04]} 4. Nf3 {[%clk 01:29:48]} {[%emt 00:00:06]} Bd6
{[%clk 01:30:00]} {[%emt 00:00:05]} 5. Nc3 {[%clk 01:29:48]} {[%emt 00:00:07]}
c6 {[%clk 01:30:00]} {[%emt 00:00:06]} 6. Bg5 {[%clk 01:29:25]} {[%emt
00:00:33]} Nf6 {[%clk 01:28:59]} {[%emt 00:01:12]} 7. Bd3 {[%clk 01:29:19]}
{[%emt 00:00:14]} Bg4 {[%clk 01:28:05]} {[%emt 00:01:05]} 8. h3 {[%clk
01:29:04]} {[%emt 00:00:26]} Be6 {[%clk 01:25:52]} {[%emt 00:02:22]} 9. O-O
{[%clk 01:26:48]} {[%emt 00:02:25]} Nbd7 {[%clk 01:23:15]} {[%emt 00:02:48]} 10.
Re1 {[%clk 01:26:38]} {[%emt 00:00:19]} h6 {[%clk 01:21:41]} {[%emt 00:01:45]}
11. Bxf6 {[%clk 01:26:34]} {[%emt 00:00:14]} Qxf6 {[%clk 01:21:21]} {[%emt
00:00:31]} 12. Ne5 {[%clk 01:26:03]} {[%emt 00:00:40]} Nxe5 {[%clk 01:19:20]}
{[%emt 00:02:11]} 13. dxe5 {[%clk 01:26:02]} {[%emt 00:00:12]} Bxe5 {[%clk
01:19:20]} {[%emt 00:00:04]} 14. Rb1 {[%clk 01:24:29]} {[%emt 00:01:43]} O-O
{[%clk 01:08:48]} {[%emt 00:10:41]} 15. Na4 {[%clk 01:21:56]} {[%emt 00:02:44]}
b5 {[%clk 01:00:33]} {[%emt 00:08:25]} 16. Qe2 {[%clk 01:20:37]} {[%emt
00:01:29]} Bd4 {[%clk 00:56:27]} {[%emt 00:04:15]} 17. c3 {[%clk 01:20:30]}
{[%emt 00:00:17]} bxa4 {[%clk 00:55:17]} {[%emt 00:01:20]} 18. cxd4 {[%clk
01:20:26]} {[%emt 00:00:14]} Qxd4 {[%clk 00:55:17]} {[%emt 00:00:05]} 19. Qc2
{[%clk 01:20:26]} {[%emt 00:00:07]} Rac8 {[%clk 00:52:00]} {[%emt 00:03:27]} 20.
Red1 {[%clk 01:20:25]} {[%emt 00:00:10]} Qf4 {[%clk 00:51:04]} {[%emt
00:01:06]} 21. Ba6 {[%clk 01:19:50]} {[%emt 00:00:45]} Rc7 {[%clk 00:50:18]}
{[%emt 00:00:57]} 22. Qc5 {[%clk 01:19:50]} {[%emt 00:00:07]} Rb8 {[%clk
00:40:29]} {[%emt 00:09:58]} 23. Bd3 {[%clk 01:09:43]} {[%emt 00:10:18]} Qg5
{[%clk 00:27:32]} {[%emt 00:13:08]} 24. Kh1 {[%clk 01:09:24]} {[%emt 00:00:29]}
Qf6 {[%clk 00:27:02]} {[%emt 00:00:40]} 25. Qd6 {[%clk 01:08:58]} {[%emt
00:00:35]} Rcb7 {[%clk 00:20:51]} {[%emt 00:06:22]} 26. Qxc6 {[%clk 01:06:25]}
{[%emt 00:02:43]} Qxf2 {[%clk 00:20:10]} {[%emt 00:00:51]} 27. Qxa4 {[%clk
01:06:02]} {[%emt 00:00:32]} Rb4 {[%clk 00:17:16]} {[%emt 00:03:04]} 28. Qc6
{[%clk 01:04:32]} {[%emt 00:01:40]} Rxb2 {[%clk 00:13:51]} {[%emt 00:03:35]} 29.
Rxb2 {[%clk 01:04:19]} {[%emt 00:00:23]} Qxb2 {[%clk 00:13:51]} {[%emt
00:00:07]} 30. Rb1 {[%clk 01:03:59]} {[%emt 00:00:30]} Qe5 {[%clk 00:13:51]}
{[%emt 00:00:03]} 31. Rc1 {[%clk 01:02:08]} {[%emt 00:02:01]} Rf8 {[%clk
00:10:27]} {[%emt 00:03:36]} 32. Qa4 {[%clk 01:01:43]} {[%emt 00:00:35]} Qe3
{[%clk 00:10:05]} {[%emt 00:00:32]} 33. Qc2 {[%clk 01:01:24]} {[%emt 00:00:28]}
Qg5 {[%clk 00:08:12]} {[%emt 00:02:04]} 34. Rb1 {[%clk 01:00:35]} {[%emt
00:00:59]} Rc8 {[%clk 00:07:42]} {[%emt 00:00:39]} 35. Qd1 {[%clk 01:00:23]}
{[%emt 00:00:21]} g6 {[%clk 00:07:20]} {[%emt 00:00:34]} 36. Ba6 {[%clk
00:59:56]} {[%emt 00:00:37]} Rd8 {[%clk 00:06:52]} {[%emt 00:00:37]} 37. Qd4
{[%clk 00:59:30]} {[%emt 00:00:36]} Qf5 {[%clk 00:05:53]} {[%emt 00:01:10]} 38.
Bd3 {[%clk 00:59:13]} {[%emt 00:00:25]} Qg5 {[%clk 00:05:30]} {[%emt 00:00:34]}
39. Qxa7 {[%clk 00:57:48]} {[%emt 00:01:35]} Rc8 {[%clk 00:05:00]} {[%emt
00:00:41]} 40. Qa3 {[%clk 00:57:01]} {[%emt 00:00:56]} Qe5 {[%clk 00:04:35]}
{[%emt 00:00:35]} 41. Qa6 {[%clk 00:56:24]} {[%emt 00:00:47]} Kh7 {[%clk
00:04:25]} {[%emt 00:00:21]} 42. Rf1 {[%clk 00:55:23]} {[%emt 00:01:09]} Rc3
{[%clk 00:03:31]} {[%emt 00:01:06]} 43. Bb5 {[%clk 00:53:13]} {[%emt 00:02:19]}
Kg7 {[%clk 00:02:54]} {[%emt 00:00:47]} 44. Qa7 {[%clk 00:52:51]} {[%emt
00:00:33]} Rc7 {[%clk 00:02:54]} {[%emt 00:00:09]} 45. Qa5 {[%clk 00:52:35]}
{[%emt 00:00:25]} Rc3 {[%clk 00:02:54]} {[%emt 00:00:07]} 46. Qa7 {[%clk
00:52:22]} {[%emt 00:00:23]} Rc7 {[%clk 00:01:45]} {[%emt 00:01:20]} 47. Qa4
{[%clk 00:51:24]} {[%emt 00:01:08]} Rc3 {[%clk 00:01:22]} {[%emt 00:00:32]} 48.
Qa7 {[%clk 00:51:24]} {[%emt 00:00:06]} Rc7 {[%clk 00:00:41]} {[%emt 00:00:51]}
1/2-1/2

[Event "2024 National Middle School Championship"]
[Site "Atlanta, Georgia, United States"]
[Date "2024.05.12"]
[Round "6.16"]
[White "Bhatti, Danish Idrees"]
[Black "Ganesan, Vidhun"]
[Result "0-1"]
[TimeControl "G/90;d10"]
[WhiteElo "1429"]
[BlackElo "1491"]

1. e4 {[%clk 01:30:00]} {[%emt 00:00:01]} c5 {[%clk 01:29:55]} {[%emt
00:00:16]} 2. Nf3 {[%clk 01:29:53]} {[%emt 00:00:17]} d6 {[%clk 01:29:35]}
{[%emt 00:00:30]} 3. d4 {[%clk 01:29:53]} {[%emt 00:00:06]} cxd4 {[%clk
01:29:27]} {[%emt 00:00:18]} 4. Nxd4 {[%clk 01:29:53]} {[%emt 00:00:05]} Nf6
{[%clk 01:29:15]} {[%emt 00:00:21]} 5. Nc3 {[%clk 01:29:50]} {[%emt 00:00:14]}
g6 {[%clk 01:27:47]} {[%emt 00:01:39]} 6. f3 {[%clk 01:29:49]} {[%emt
00:00:11]} Bg7 {[%clk 01:27:44]} {[%emt 00:00:12]} 7. Be3 {[%clk 01:29:43]}
{[%emt 00:00:15]} O-O {[%clk 01:27:07]} {[%emt 00:00:48]} 8. Qd2 {[%clk
01:29:43]} {[%emt 00:00:05]} a6 {[%clk 01:24:42]} {[%emt 00:02:35]} 9. Bh6
{[%clk 01:27:22]} {[%emt 00:02:31]} e5 {[%clk 01:24:11]} {[%emt 00:00:42]} 10.
Bxg7 {[%clk 01:27:01]} {[%emt 00:00:31]} Kxg7 {[%clk 01:24:00]} {[%emt
00:00:20]} 11. Nb3 {[%clk 01:26:40]} {[%emt 00:00:30]} Be6 {[%clk 01:23:09]}
{[%emt 00:01:02]} 12. O-O-O {[%clk 01:25:22]} {[%emt 00:01:29]} Bxb3 {[%clk
01:20:43]} {[%emt 00:02:35]} 13. axb3 {[%clk 01:24:45]} {[%emt 00:00:47]} Ne8
{[%clk 01:20:29]} {[%emt 00:00:23]} 14. h4 {[%clk 01:24:32]} {[%emt 00:00:22]}
h6 {[%clk 01:18:41]} {[%emt 00:02:00]} 15. Nd5 {[%clk 01:23:58]} {[%emt
00:00:44]} Nc6 {[%clk 01:16:04]} {[%emt 00:02:48]} 16. g4 {[%clk 01:19:17]}
{[%emt 00:04:47]} Nd4 {[%clk 01:14:37]} {[%emt 00:01:40]} 17. Be2 {[%clk
01:18:31]} {[%emt 00:00:55]} Rc8 {[%clk 01:14:23]} {[%emt 00:00:25]} 18. Kb1
{[%clk 01:18:09]} {[%emt 00:00:28]} Rxc2 {[%clk 01:14:18]} {[%emt 00:00:19]} 19.
Qb4 {[%clk 01:07:48]} {[%emt 00:10:30]} Rxe2 {[%clk 01:13:59]} {[%emt
00:00:30]} 20. Nc3 {[%clk 01:06:34]} {[%emt 00:01:23]} Rg2 {[%clk 01:12:15]}
{[%emt 00:01:55]} 21. Rh3 {[%clk 01:02:18]} {[%emt 00:04:25]} b5 {[%clk
01:11:31]} {[%emt 00:00:55]} 22. Nd5 {[%clk 00:58:09]} {[%emt 00:04:18]} Qc8
{[%clk 01:09:06]} {[%emt 00:02:36]} 23. Ne3 {[%clk 00:56:52]} {[%emt 00:01:26]}
Re2 {[%clk 01:08:26]} {[%emt 00:00:49]} 24. Rc1 {[%clk 00:52:54]} {[%emt
00:04:10]} Qe6 {[%clk 01:06:47]} {[%emt 00:01:49]} 25. Nd5 {[%clk 00:52:19]}
{[%emt 00:00:44]} Nf6 {[%clk 01:05:47]} {[%emt 00:01:11]} 26. Nxf6 {[%clk
00:44:06]} {[%emt 00:08:24]} Qxf6 {[%clk 01:03:20]} {[%emt 00:02:36]} 27. g5
{[%clk 00:43:06]} {[%emt 00:01:10]} Qe6 {[%clk 01:03:10]} {[%emt 00:00:20]} 28.
gxh6+ {[%clk 00:42:05]} {[%emt 00:01:11]} Kxh6 {[%clk 01:02:52]} {[%emt
00:00:28]} 29. Rch1 {[%clk 00:40:21]} {[%emt 00:01:54]} Qxb3 {[%clk 01:02:35]}
{[%emt 00:00:28]} 30. h5 {[%clk 00:37:13]} {[%emt 00:03:18]} Rxb2+ {[%clk
01:02:14]} {[%emt 00:00:30]} 0-1

[Event "2024 National Middle School Championship"]
[Site "Atlanta, Georgia, United States"]
[Date "2024.05.12"]
[Round "6.17"]
[White "Pitynski, Angelica"]
[Black "Culberson, David West"]
[Result "1-0"]
[TimeControl "G/90;d10"]
[WhiteElo "1279"]
[BlackElo "1237"]

1. d4 {[%clk 01:30:00]} {[%emt 00:00:02]} Nf6 {[%clk 01:29:53]} {[%emt
00:00:18]} 2. Bg5 {[%clk 01:29:51]} {[%emt 00:00:19]} c5 {[%clk 01:26:41]}
{[%emt 00:03:21]} 3. d5 {[%clk 01:27:21]} {[%emt 00:02:40]} Qb6 {[%clk
01:20:50]} {[%emt 00:06:01]} 4. Nc3 {[%clk 01:24:18]} {[%emt 00:03:12]} Qxb2
{[%clk 01:14:22]} {[%emt 00:06:37]} 5. Bd2 {[%clk 01:22:54]} {[%emt 00:01:34]}
Qb6 {[%clk 01:11:39]} {[%emt 00:02:54]} 6. e4 {[%clk 01:18:41]} {[%emt
00:04:22]} d6 {[%clk 00:58:51]} {[%emt 00:12:59]} 7. Rb1 {[%clk 01:12:18]}
{[%emt 00:06:33]} Qd8 {[%clk 00:52:55]} {[%emt 00:06:01]} 8. f4 {[%clk
01:03:18]} {[%emt 00:09:15]} e6 {[%clk 00:51:42]} {[%emt 00:01:23]} 9. Bb5+
{[%clk 00:48:32]} {[%emt 00:14:55]} Bd7 {[%clk 00:50:06]} {[%emt 00:01:47]} 10.
dxe6 {[%clk 00:38:16]} {[%emt 00:10:25]} fxe6 {[%clk 00:49:28]} {[%emt
00:00:48]} 11. e5 {[%clk 00:36:45]} {[%emt 00:01:41]} dxe5 {[%clk 00:38:35]}
{[%emt 00:11:02]} 12. fxe5 {[%clk 00:36:39]} {[%emt 00:00:17]} Nd5 {[%clk
00:38:25]} {[%emt 00:00:20]} 13. Qf3 {[%clk 00:30:32]} {[%emt 00:06:17]} a6
{[%clk 00:27:55]} {[%emt 00:10:40]} 14. Bxd7+ {[%clk 00:25:23]} {[%emt
00:05:18]} Qxd7 {[%clk 00:27:33]} {[%emt 00:00:31]} 15. Nxd5 {[%clk 00:25:06]}
{[%emt 00:00:27]} exd5 {[%clk 00:18:49]} {[%emt 00:08:54]} 16. c4 {[%clk
00:24:20]} {[%emt 00:00:56]} Nc6 {[%clk 00:14:07]} {[%emt 00:04:53]} 17. Qxd5
{[%clk 00:23:01]} {[%emt 00:01:29]} Qxd5 {[%clk 00:12:30]} {[%emt 00:01:47]} 18.
cxd5 {[%clk 00:23:01]} {[%emt 00:00:03]} Nxe5 {[%clk 00:12:12]} {[%emt
00:00:27]} 19. Rxb7 {[%clk 00:23:00]} {[%emt 00:00:11]} Nd3+ {[%clk 00:10:38]}
{[%emt 00:01:44]} 20. Ke2 {[%clk 00:21:58]} {[%emt 00:01:12]} Nb4 {[%clk
00:10:28]} {[%emt 00:00:20]} 21. Bxb4 {[%clk 00:21:33]} {[%emt 00:00:36]} cxb4
{[%clk 00:10:17]} {[%emt 00:00:20]} 22. Nf3 {[%clk 00:21:30]} {[%emt 00:00:13]}
O-O-O {[%clk 00:05:10]} {[%emt 00:05:17]} 23. Ra7 {[%clk 00:20:05]} {[%emt
00:01:35]} Rd6 {[%clk 00:04:53]} {[%emt 00:00:28]} 24. Rd1 {[%clk 00:19:53]}
{[%emt 00:00:22]} Kb8 {[%clk 00:04:53]} {[%emt 00:00:04]} 25. Rf7 {[%clk
00:19:31]} {[%emt 00:00:31]} h6 {[%clk 00:04:53]} {[%emt 00:00:10]} 26. Ne5
{[%clk 00:18:40]} {[%emt 00:01:00]} Ka8 {[%clk 00:04:53]} {[%emt 00:00:02]} 27.
Ke3 {[%clk 00:18:04]} {[%emt 00:00:47]} a5 {[%clk 00:04:53]} {[%emt 00:00:04]}
28. Ke4 {[%clk 00:17:57]} {[%emt 00:00:16]} a4 {[%clk 00:04:41]} {[%emt
00:00:22]} 29. Rc1 {[%clk 00:17:46]} {[%emt 00:00:22]} Rd8 {[%clk 00:04:38]}
{[%emt 00:00:12]} 30. Ng6 {[%clk 00:16:10]} {[%emt 00:01:46]} Rg8 {[%clk
00:04:33]} {[%emt 00:00:15]} 31. Nxf8 {[%clk 00:15:49]} {[%emt 00:00:32]} Rgxf8
{[%clk 00:04:33]} {[%emt 00:00:02]} 32. Rxf8 {[%clk 00:14:54]} {[%emt
00:01:06]} Rxf8 {[%clk 00:04:33]} {[%emt 00:00:02]} 33. Rc4 {[%clk 00:14:32]}
{[%emt 00:00:30]} Rb8 {[%clk 00:04:03]} {[%emt 00:00:41]} 34. a3 {[%clk
00:11:18]} {[%emt 00:03:25]} bxa3 {[%clk 00:04:03]} {[%emt 00:00:05]} 35. Rxa4+
{[%clk 00:11:18]} {[%emt 00:00:08]} Kb7 {[%clk 00:04:03]} {[%emt 00:00:01]} 36.
Rxa3 {[%clk 00:11:13]} {[%emt 00:00:15]} Kc8 {[%clk 00:04:03]} {[%emt
00:00:04]} 37. Ra7 {[%clk 00:10:59]} {[%emt 00:00:24]} Rb7 {[%clk 00:03:50]}
{[%emt 00:00:24]} 38. Rxb7 {[%clk 00:10:53]} {[%emt 00:00:15]} Kxb7 {[%clk
00:03:50]} {[%emt 00:00:02]} 39. Ke5 {[%clk 00:10:53]} {[%emt 00:00:05]} Kc7
{[%clk 00:03:50]} {[%emt 00:00:03]} 40. Ke6 {[%clk 00:10:47]} {[%emt 00:00:16]}
Kd8 {[%clk 00:03:50]} {[%emt 00:00:02]} 41. Kd6 {[%clk 00:10:39]} {[%emt
00:00:18]} g5 {[%clk 00:03:40]} {[%emt 00:00:20]} 42. g4 {[%clk 00:09:53]}
{[%emt 00:00:55]} h5 {[%clk 00:03:40]} {[%emt 00:00:02]} 43. gxh5 {[%clk
00:09:53]} {[%emt 00:00:02]} Ke8 {[%clk 00:03:40]} {[%emt 00:00:04]} 44. Kc7
{[%clk 00:09:53]} {[%emt 00:00:06]} Kf7 {[%clk 00:03:40]} {[%emt 00:00:09]} 45.
d6 {[%clk 00:09:53]} {[%emt 00:00:07]} g4 {[%clk 00:03:40]} {[%emt 00:00:03]}
46. d7 {[%clk 00:09:52]} {[%emt 00:00:11]} g3 {[%clk 00:03:40]} {[%emt
00:00:10]} 47. hxg3 {[%clk 00:09:52]} {[%emt 00:00:09]} Kg7 {[%clk 00:03:40]}
{[%emt 00:00:02]} 48. d8=Q {[%clk 00:09:52]} {[%emt 00:00:07]} Kf7 {[%clk
00:03:40]} {[%emt 00:00:05]} 49. h6 {[%clk 00:09:48]} {[%emt 00:00:15]} Kg6
{[%clk 00:03:40]} {[%emt 00:00:03]} 50. Qg8+ {[%clk 00:09:24]} {[%emt
00:00:34]} Kh5 {[%clk 00:03:40]} {[%emt 00:00:03]} 51. h7 {[%clk 00:09:20]}
{[%emt 00:00:15]} Kh6 {[%clk 00:03:40]} {[%emt 00:00:02]} 52. h8=R+ {[%emt
00:00:11]} 1-0

[Event "2024 National Middle School Championship"]
[Site "Atlanta, Georgia, United States"]
[Date "2024.05.12"]
[Round "6.18"]
[White "Liro, Rowan"]
[Black "Tripathy, Aryansh"]
[Result "1/2-1/2"]
[TimeControl "G/90;d10"]
[WhiteElo "1042"]
[BlackElo "1070"]

1. e4 {[%clk 01:29:38]} {[%emt 00:00:32]} e5 {[%clk 01:30:00]} {[%emt
00:00:03]} 2. Nf3 {[%clk 01:29:17]} {[%emt 00:00:30]} Nc6 {[%clk 01:30:00]}
{[%emt 00:00:03]} 3. Bc4 {[%clk 01:29:17]} {[%emt 00:00:05]} Bc5 {[%clk
01:29:57]} {[%emt 00:00:14]} 4. c3 {[%clk 01:29:17]} {[%emt 00:00:06]} Nf6
{[%clk 01:29:39]} {[%emt 00:00:28]} 5. d3 {[%clk 01:29:14]} {[%emt 00:00:14]}
h6 {[%clk 01:29:39]} {[%emt 00:00:08]} 6. Qe2 {[%clk 01:27:56]} {[%emt
00:01:27]} O-O {[%clk 01:29:24]} {[%emt 00:00:25]} 7. O-O {[%clk 01:27:52]}
{[%emt 00:00:15]} d6 {[%clk 01:29:24]} {[%emt 00:00:08]} 8. Be3 {[%clk
01:27:21]} {[%emt 00:00:40]} Bxe3 {[%clk 01:29:08]} {[%emt 00:00:26]} 9. Qxe3
{[%clk 01:27:21]} {[%emt 00:00:02]} Qe7 {[%clk 01:28:51]} {[%emt 00:00:28]} 10.
d4 {[%clk 01:26:32]} {[%emt 00:00:59]} exd4 {[%clk 01:28:14]} {[%emt 00:00:48]}
11. cxd4 {[%clk 01:24:00]} {[%emt 00:02:41]} Qxe4 {[%clk 01:28:05]} {[%emt
00:00:20]} 12. Nc3 {[%clk 01:22:32]} {[%emt 00:01:37]} Qxe3 {[%clk 01:27:59]}
{[%emt 00:00:16]} 13. fxe3 {[%clk 01:22:32]} {[%emt 00:00:02]} Re8 {[%clk
01:27:19]} {[%emt 00:00:51]} 14. Rae1 {[%clk 01:21:03]} {[%emt 00:01:39]} Bd7
{[%clk 01:25:59]} {[%emt 00:01:30]} 15. Nd5 {[%clk 01:15:42]} {[%emt 00:05:31]}
Nxd5 {[%clk 01:25:41]} {[%emt 00:00:28]} 16. Bxd5 {[%clk 01:15:26]} {[%emt
00:00:25]} Re7 {[%clk 01:25:02]} {[%emt 00:00:48]} 17. Nh4 {[%clk 01:12:51]}
{[%emt 00:02:45]} Be6 {[%clk 01:23:15]} {[%emt 00:01:58]} 18. Bxe6 {[%clk
00:57:56]} {[%emt 00:15:05]} Rxe6 {[%clk 01:23:15]} {[%emt 00:00:09]} 19. d5
{[%clk 00:57:54]} {[%emt 00:00:13]} Re4 {[%clk 01:23:03]} {[%emt 00:00:22]} 20.
dxc6 {[%clk 00:55:32]} {[%emt 00:02:32]} Rxh4 {[%clk 01:23:01]} {[%emt
00:00:11]} 21. Rf4 {[%clk 00:49:43]} {[%emt 00:05:59]} Rxf4 {[%clk 01:22:36]}
{[%emt 00:00:35]} 22. cxb7 {[%clk 00:49:43]} {[%emt 00:00:11]} Rb8 {[%clk
01:22:19]} {[%emt 00:00:26]} 23. exf4 {[%clk 00:48:32]} {[%emt 00:01:22]} Rxb7
{[%clk 01:22:12]} {[%emt 00:00:17]} 24. b3 {[%clk 00:46:56]} {[%emt 00:01:46]}
Kf8 {[%clk 01:21:06]} {[%emt 00:01:17]} 25. Kf2 {[%clk 00:46:45]} {[%emt
00:00:20]} f5 {[%clk 01:19:18]} {[%emt 00:01:58]} 26. Kf3 {[%clk 00:45:06]}
{[%emt 00:01:49]} g5 {[%clk 01:18:31]} {[%emt 00:00:56]} 27. fxg5 {[%clk
00:44:46]} {[%emt 00:00:31]} hxg5 {[%clk 01:18:31]} {[%emt 00:00:10]} 28. g4
{[%clk 00:43:26]} {[%emt 00:01:30]} f4 {[%clk 01:15:36]} {[%emt 00:03:05]} 29.
Re6 {[%clk 00:43:23]} {[%emt 00:00:13]} Kf7 {[%clk 01:15:07]} {[%emt 00:00:40]}
30. Rh6 {[%clk 00:42:30]} {[%emt 00:01:02]} Ke7 {[%clk 01:11:36]} {[%emt
00:03:42]} 31. h4 {[%clk 00:37:22]} {[%emt 00:05:18]} gxh4 {[%clk 01:07:38]}
{[%emt 00:04:08]} 32. Kxf4 {[%clk 00:36:42]} {[%emt 00:00:50]} Rb5 {[%clk
01:07:17]} {[%emt 00:00:31]} 1/2-1/2

[Event "2024 National Middle School Championship"]
[Site "Atlanta, Georgia, United States"]
[Date "2024.05.12"]
[Round "6.19"]
[White "Piracha, Muneeb"]
[Black "Kancherla, Adhvik"]
[Result "1-0"]
[TimeControl "G/90;d10"]
[WhiteElo "890"]
[BlackElo "637"]

1. d4 {[%clk 01:30:00]} {[%emt 00:00:05]} d5 {[%clk 01:30:00]} {[%emt
00:00:06]} 2. Nf3 {[%clk 01:30:00]} {[%emt 00:00:08]} Nc6 {[%clk 01:29:59]}
{[%emt 00:00:12]} 3. Bg5 {[%clk 01:29:47]} {[%emt 00:00:23]} h6 {[%clk
01:29:43]} {[%emt 00:00:27]} 4. Bh4 {[%clk 01:29:24]} {[%emt 00:01:06]} Bd7
{[%clk 01:29:13]} {[%emt 00:00:40]} 5. e3 {[%clk 01:29:08]} {[%emt 00:00:25]}
Nf6 {[%clk 01:28:40]} {[%emt 00:00:40]} 6. Bd3 {[%clk 01:28:52]} {[%emt
00:00:28]} a6 {[%clk 01:27:45]} {[%emt 00:01:05]} 7. c3 {[%clk 01:28:42]}
{[%emt 00:00:21]} e6 {[%clk 01:26:56]} {[%emt 00:00:59]} 8. Nbd2 {[%clk
01:28:30]} {[%emt 00:00:22]} Be7 {[%clk 01:26:12]} {[%emt 00:00:53]} 9. O-O
{[%clk 01:27:06]} {[%emt 00:01:33]} O-O {[%clk 01:24:34]} {[%emt 00:01:49]} 10.
Re1 {[%clk 01:26:57]} {[%emt 00:00:19]} Re8 {[%clk 01:24:08]} {[%emt 00:00:37]}
11. e4 {[%clk 01:26:00]} {[%emt 00:01:07]} dxe4 {[%clk 01:21:22]} {[%emt
00:02:53]} 12. Nxe4 {[%clk 01:25:30]} {[%emt 00:00:41]} Nxe4 {[%clk 01:20:03]}
{[%emt 00:01:29]} 13. Bxe7 {[%clk 01:25:04]} {[%emt 00:00:37]} Nxf2 {[%clk
01:12:42]} {[%emt 00:07:32]} 14. Bxd8 {[%clk 01:24:31]} {[%emt 00:00:42]} Nxd1
{[%clk 01:12:07]} {[%emt 00:00:44]} 15. Raxd1 {[%clk 01:24:05]} {[%emt
00:00:37]} Raxd8 {[%clk 01:12:01]} {[%emt 00:00:14]} 16. b4 {[%clk 01:22:19]}
{[%emt 00:02:02]} b5 {[%clk 01:10:51]} {[%emt 00:01:21]} 17. Ne5 {[%clk
01:20:18]} {[%emt 00:02:10]} Nxe5 {[%clk 01:07:37]} {[%emt 00:03:24]} 18. Rxe5
{[%clk 01:19:35]} {[%emt 00:00:51]} f6 {[%clk 01:05:27]} {[%emt 00:02:23]} 19.
Rc5 {[%clk 01:19:22]} {[%emt 00:00:24]} c6 {[%clk 01:02:45]} {[%emt 00:02:52]}
20. Bg6 {[%clk 01:18:32]} {[%emt 00:00:57]} Re7 {[%clk 01:02:15]} {[%emt
00:00:42]} 21. a4 {[%clk 01:12:13]} {[%emt 00:06:29]} Ra8 {[%clk 00:58:57]}
{[%emt 00:03:27]} 22. Ra1 {[%clk 01:10:56]} {[%emt 00:01:28]} e5 {[%clk
00:53:10]} {[%emt 00:05:57]} 23. axb5 {[%clk 01:10:04]} {[%emt 00:01:01]} cxb5
{[%clk 00:52:46]} {[%emt 00:00:35]} 24. Rc7 {[%clk 01:03:21]} {[%emt 00:06:54]}
Kf8 {[%clk 00:50:57]} {[%emt 00:01:13]} 25. dxe5 {[%clk 01:02:48]} {[%emt
00:01:28]} fxe5 {[%clk 00:48:15]} {[%emt 00:02:51]} 26. Rf1+ {[%clk 01:02:14]}
{[%emt 00:00:45]} Kg8 {[%clk 00:47:58]} {[%emt 00:00:27]} 27. Be4 {[%clk
01:00:21]} {[%emt 00:02:01]} Rf8 {[%clk 00:38:12]} {[%emt 00:09:58]} 28. Bh7+
{[%clk 00:56:16]} {[%emt 00:04:15]} Kxh7 {[%clk 00:37:33]} {[%emt 00:00:34]} 29.
Rxf8 {[%clk 00:55:59]} {[%emt 00:00:42]} 1-0